[Event "SR 3. liga A2 2017/2018"]
[Site "?"]
[Date "2017.11.19"]
[Round "4.6"]
[White "Sekera, Branislav"]
[Black "Mikudik, Ivan"]
[Result "1/2-1/2"]
[WhiteElo "2091"]
[BlackElo "1877"]
[PlyCount "128"]
[EventDate "2017.??.??"]

1. d4 Nf6 2. Nf3 e6 3. Bg5 Be7 4. Nbd2 d5 5. e3 Nbd7 6. Bd3 h6 7. Bh4 O-O 8. h3
c5 9. c3 b6 10. Qe2 Bb7 11. O-O-O Ne4 12. Bxe7 Qxe7 13. Bb5 cxd4 14. exd4 Rfc8
15. Nxe4 dxe4 16. Nd2 Nf6 17. Bc4 a6 18. Bb3 b5 19. Kb1 Qd6 20. Rc1 Rab8 21.
Rhd1 Bd5 22. Ka1 a5 23. Bc2 Qc6 24. Bb1 Qb7 25. Re1 Bc4 26. Qe3 b4 27. Nxe4
bxc3 28. Nxf6+ gxf6 29. Qxc3 Bd3 30. Qd2 Bxb1 31. Kxb1 Rxc1+ 32. Qxc1 Kg7 33.
Re3 Qd5 34. Rg3+ Kh7 35. Qc5 Rd8 36. Qxd5 Rxd5 37. Rf3 Rxd4 38. Rxf6 Kg7 39.
Rf3 Rd2 40. a3 f5 41. b4 axb4 42. axb4 Kf6 43. b5 Ke7 44. Kc1 Ra2 45. b6 Kd7
46. Rc3 Ra6 47. Rc7+ Kd6 48. Rh7 Rxb6 49. Rxh6 Ke5 50. Rh4 Rd6 51. Rc4 Kf6 52.
Rc2 e5 53. Rd2 Rc6+ 54. Kd1 f4 55. Ke2 Kf5 56. f3 Rg6 57. Kf2 Rb6 58. Ra2 Rc6
59. Re2 Ra6 60. g4+ fxg3+ 61. Kxg3 Rg6+ 62. Kf2 Rh6 63. Kg2 Rg6+ 64. Kh2 Kf4
1/2-1/2

[Event "SR 3. liga A2 2017/2018"]
[Site "?"]
[Date "2017.11.19"]
[Round "4.6"]
[White "Podjavorinsky, Michal"]
[Black "Kozinka, Roman"]
[Result "0-1"]
[WhiteElo "1885"]
[BlackElo "1998"]
[PlyCount "70"]
[EventDate "2017.??.??"]

1. e4 c5 2. Nc3 Nc6 3. d3 e6 4. g3 d5 5. Bg2 d4 6. Nce2 e5 7. f4 f6 8. Nf3 Bd6
9. fxe5 fxe5 10. Bg5 Be7 11. Qd2 Bg4 12. Bxe7 Qxe7 13. O-O-O Bxf3 14. Bxf3 Qf7
15. Rdf1 Qxa2 16. Qg5 g6 17. Bg4 Rd8 18. h4 Rd6 19. h5 h6 20. Qh4 g5 21. Qh3
Nb4 22. Bf5 Ne7 23. Bg6+ Kd8 24. Rf7 Qa1+ 25. Kd2 Qxb2 26. Rc1 c4 27. Rxe7 Kxe7
28. Qf5 Nxd3 29. Qf7+ Kd8 30. Rf1 Qb4+ 31. Kd1 Nb2+ 32. Kc1 d3 33. c3 d2+ 34.
Kb1 d1=Q+ 35. Rxd1 Rxd1+ 0-1

[Event "SR 3. liga A2 2017/2018"]
[Site "?"]
[Date "2017.11.19"]
[Round "4.6"]
[White "Lopatievov, Alexander"]
[Black "Miciak, Emanuel"]
[Result "1/2-1/2"]
[WhiteElo "1862"]
[BlackElo "1870"]
[PlyCount "86"]
[EventDate "2017.??.??"]

1. e4 c5 2. c3 d5 3. exd5 Qxd5 4. d4 Nf6 5. Nf3 e6 6. Be2 Be7 7. O-O O-O 8.
dxc5 Qxc5 9. Be3 Qc7 10. Qc1 Nc6 11. b4 a6 12. a3 Nd5 13. Bg5 b5 14. Bxe7 Ncxe7
15. Rd1 Bb7 16. c4 Nf4 17. Bf1 Rac8 18. Rd4 Neg6 19. Qd1 Rcd8 20. Nbd2 e5 21.
Rxd8 Rxd8 22. Qc2 Qd7 23. Re1 Qg4 24. Kh1 Rd3 25. Re4 f5 26. Qxd3 Nxd3 27. Rxg4
Nxf2+ 28. Kg1 Nxg4 29. cxb5 axb5 30. Bxb5 Ne3 31. Nc4 Nxg2 32. Ncxe5 Nxe5 33.
Nxe5 Ne3 34. Bd3 g6 35. a4 Kf8 36. b5 Ke7 37. a5 Bd5 38. b6 Kd8 39. a6 Kc8 40.
Bb5 f4 41. Nc6 Bxc6 42. Bxc6 Nc4 43. b7+ Kb8 1/2-1/2

[Event "SR 3. liga A2 2017/2018"]
[Site "?"]
[Date "2017.11.19"]
[Round "4.6"]
[White "Smrek, Peter"]
[Black "Slaba, Andrea"]
[Result "0-1"]
[WhiteElo "1712"]
[BlackElo "1845"]
[PlyCount "74"]
[EventDate "2017.??.??"]

1. c4 g6 2. g3 Bg7 3. Bg2 Nf6 4. Nc3 d6 5. Nf3 O-O 6. d4 Nc6 7. e4 e5 8. d5 Ne7
9. h3 Nd7 10. Be3 f5 11. Qd2 Nf6 12. Ng5 Nxe4 13. Ngxe4 fxe4 14. Nxe4 Bf5 15.
g4 Bxe4 16. Bxe4 Qd7 17. f3 c6 18. O-O-O c5 19. h4 Qa4 20. b3 Qa3+ 21. Kb1 a5
22. Qb2 Qxb2+ 23. Kxb2 Rfb8 24. a4 Kf7 25. Kc2 Ng8 26. g5 Ne7 27. Rdf1 Nf5 28.
Bf2 Kg8 29. h5 Rf8 30. hxg6 hxg6 31. Kd3 Kf7 32. Be1 b6 33. f4 exf4 34. Rxf4
Be5 35. Rh7+ Kg8 36. Bxf5 Kxh7 37. Rh4+ Kg7 0-1

[Event "SR 3. liga A2 2017/2018"]
[Site "?"]
[Date "2017.11.19"]
[Round "4.6"]
[White "Lezovic, Maros"]
[Black "Lajda, Dusan"]
[Result "0-1"]
[WhiteElo "1831"]
[BlackElo "1779"]
[PlyCount "54"]
[EventDate "2017.??.??"]

1. e4 c5 2. Nf3 Nc6 3. g3 d6 4. Bg2 Nf6 5. d3 g6 6. c3 Bg7 7. O-O O-O 8. Be3
Rb8 9. e5 Ng4 10. exd6 Nxe3 11. fxe3 Qxd6 12. d4 b5 13. Nbd2 cxd4 14. cxd4 Bh6
15. Qb3 Be6 16. Qc3 Rbc8 17. Ne4 Qb4 18. Rfe1 Qxc3 19. Nxc3 Nb4 20. Rad1 Nc2
21. Re2 Nxe3 22. Rde1 Nxg2 23. Rxg2 b4 24. Nb5 a6 25. d5 Bh3 26. Rf2 axb5 27.
Rxe7 Rc1+ 0-1

[Event "SR 3. liga A2 2017/2018"]
[Site "?"]
[Date "2017.11.19"]
[Round "4.6"]
[White "Jancovicova, Petra"]
[Black "Bango, Dominik"]
[Result "1-0"]
[WhiteElo "1708"]
[BlackElo "1784"]
[PlyCount "53"]
[EventDate "2017.??.??"]

1. e4 e5 2. Nf3 Nc6 3. d4 exd4 4. Nxd4 Bc5 5. Be3 Qf6 6. c3 Nge7 7. Bc4 O-O 8.
O-O Bxd4 9. cxd4 d6 10. Nc3 a6 11. Bb3 Na5 12. Rc1 Bd7 13. a3 Nxb3 14. Qxb3 b5
15. Ne2 c6 16. Qd3 Ng6 17. f4 Ne7 18. f5 Rad8 19. Qd2 h6 20. Rf3 Kh7 21. Rcf1
Ng8 22. Rh3 Qe7 23. Rf4 g5 24. Rg4 f6 25. Bxg5 fxg5 26. Rxg5 Qxe4 27. Rg6 1-0

[Event "SR 3. liga A2 2017/2018"]
[Site "?"]
[Date "2017.12.03"]
[Round "5.1"]
[White "Blazek, Milos"]
[Black "Sosna, Jan"]
[Result "0-1"]
[WhiteElo "1989"]
[BlackElo "2333"]
[PlyCount "68"]
[EventDate "2017.??.??"]

1. e4 e5 2. Nf3 Nc6 3. Bb5 Nf6 4. O-O Nxe4 5. Re1 Nd6 6. Nxe5 Be7 7. Bd3 Nxe5
8. Rxe5 O-O 9. Nc3 Bf6 10. Re2 b6 11. Nd5 Bb7 12. Nxf6+ Qxf6 13. Rb1 Rae8 14.
b3 Qg5 15. f4 Qxf4 16. Rf2 Qg5 17. Bb2 Ne4 18. Bxe4 Rxe4 19. Qf1 Qe7 20. d3 Re6
21. d4 Re8 22. c4 Be4 23. Re1 d5 24. Rfe2 c6 25. Bc3 h6 26. Qf4 Qd7 27. Re3 Rf6
28. Qh4 Ree6 29. Qh3 Rg6 30. Rg3 Rxg3 31. Qxg3 Rg6 32. Qb8+ Kh7 33. g3 Qh3 34.
Re2 Rf6 0-1

[Event "SR 3. liga A2 2017/2018"]
[Site "?"]
[Date "2017.12.03"]
[Round "5.1"]
[White "Kucharek, Jaroslav"]
[Black "Blatnicky, Miroslav"]
[Result "1/2-1/2"]
[WhiteElo "2044"]
[BlackElo "2096"]
[PlyCount "111"]
[EventDate "2017.??.??"]

1. d4 d5 2. Nf3 Nf6 3. c4 c6 4. g3 Bf5 5. Nbd2 e6 6. Bg2 Nbd7 7. O-O Be7 8. b3
Ne4 9. Bb2 Qa5 10. Nxe4 Bxe4 11. a3 O-O 12. Nd2 Bxg2 13. Kxg2 Rad8 14. Qc2 Rfe8
15. Bc3 Qb6 16. a4 Bf6 17. c5 Qa6 18. Nf3 e5 19. e3 e4 20. Ng1 b6 21. b4 bxc5
22. bxc5 Rb8 23. Rab1 Qc4 24. Ne2 g6 25. Rfd1 Kg7 26. Qd2 Rb3 27. Rxb3 Qxb3 28.
Ra1 Rb8 29. Nc1 Qc4 30. Ra3 Nf8 31. Qe2 Qxe2 32. Nxe2 Ne6 33. Ra2 Kf8 34. Rb2
Rxb2 35. Bxb2 Ke8 36. Bc3 Kd7 37. h4 Kc8 38. Kf1 Kb7 39. Ke1 Ka6 40. Kd2 g5 41.
hxg5 Bxg5 42. Nc1 h5 43. Nb3 f5 44. Ke2 Bd8 45. Kf1 Ng5 46. Kg2 Nf3 47. Bb4 h4
48. gxh4 Nxh4+ 49. Kg3 Ng6 50. Bd2 Bc7+ 51. Kh3 Bd8 52. Kg3 Bh4+ 53. Kg2 Bd8
54. Kg3 Bc7+ 55. Kh3 Bd8 56. Kg3 1/2-1/2

[Event "SR 3. liga A2 2017/2018"]
[Site "?"]
[Date "2017.12.03"]
[Round "5.1"]
[White "Mikudik, Ivan"]
[Black "Stanec, Stanislav"]
[Result "0-1"]
[WhiteElo "1883"]
[BlackElo "2030"]
[PlyCount "96"]
[EventDate "2017.??.??"]

1. d4 Nf6 2. c4 b6 3. Nc3 Bb7 4. Nf3 e6 5. Bg5 Be7 6. e3 O-O 7. Bd3 d5 8. cxd5
Nxd5 9. Bxe7 Qxe7 10. O-O Nxc3 11. bxc3 Nd7 12. Qc2 h6 13. Be4 c6 14. Nd2 Nf6
15. Bf3 Rfc8 16. a4 c5 17. Bxb7 Qxb7 18. Qb3 Rab8 19. f3 Nd5 20. e4 Nf4 21. g3
Ng6 22. Rfd1 Qe7 23. Nf1 h5 24. d5 exd5 25. Rxd5 h4 26. Rad1 Rd8 27. c4 hxg3
28. hxg3 Ne5 29. Qc3 Nc6 30. Ne3 Nd4 31. Kf2 Rxd5 32. Nxd5 Qd7 33. a5 Qh3 34.
Rxd4 Qh2+ 35. Ke3 cxd4+ 36. Qxd4 Qxg3 37. Ne7+ Kf8 38. Nc6 Qg1+ 39. Kd3 Qxd4+
40. Kxd4 Rb7 41. Nxa7 bxa5 42. Nb5 Ke7 43. Nc3 Rb3 44. f4 f6 45. Nd5+ Kd7 46.
c5 Rb1 47. Nc3 Rc1 48. Nd5 Kc6 0-1

[Event "SR 3. liga A2 2017/2018"]
[Site "?"]
[Date "2017.12.03"]
[Round "5.1"]
[White "Hudacek, Josef"]
[Black "Podjavorinsky, Michal"]
[Result "1-0"]
[WhiteElo "2045"]
[BlackElo "1878"]
[PlyCount "143"]
[EventDate "2017.??.??"]

1. e4 d5 2. exd5 Qxd5 3. d4 c6 4. c4 Qa5+ 5. Nc3 Bf5 6. Nf3 e6 7. Be2 Nf6 8.
O-O Be7 9. a3 O-O 10. Nh4 Bg6 11. Nxg6 hxg6 12. Be3 Nbd7 13. b4 Qc7 14. Rc1 Nb6
15. Qb3 Rfd8 16. Rfd1 Rac8 17. a4 Qb8 18. Bf3 e5 19. dxe5 Qxe5 20. a5 Nbd7 21.
Bxa7 Bf8 22. Na4 Qe7 23. Nc5 Nxc5 24. Bxc5 Qe5 25. Re1 Qf5 26. Bxf8 Kxf8 27.
Qc2 Qf4 28. Rcd1 Rxd1 29. Rxd1 Re8 30. h3 g5 31. a6 bxa6 32. Bxc6 Rb8 33. b5
axb5 34. cxb5 Qc7 35. Qc5+ Qe7 36. Qxg5 Qe2 37. Qd2 Qe7 38. Re1 Qc7 39. Qb4+
Kg8 40. Qc5 Rb7 41. Ra1 Qc8 42. Qd6 Rb8 43. Ra7 Ne8 44. Qe7 Qe6 45. Qxe6 fxe6
46. Rd7 Kf8 47. Kf1 Nf6 48. Ra7 Nd5 49. Rb7 Rxb7 50. Bxb7 Nc3 51. b6 Na4 52.
Bc8 Nxb6 53. Bxe6 Ke7 54. Bb3 Kf6 55. Ke2 Nd7 56. Ke3 Ke5 57. f4+ Kf6 58. h4
Kf5 59. g4+ Kf6 60. Kd4 g6 61. Kd5 Kg7 62. g5 Nb8 63. Bc4 Nd7 64. Bb5 Nb6+ 65.
Kc6 Nc8 66. Kd7 Nb6+ 67. Ke6 Nc8 68. Be2 Nb6 69. h5 gxh5 70. Bxh5 Na4 71. f5
Nc5+ 72. Ke7 1-0

[Event "SR 3. liga A2 2017/2018"]
[Site "?"]
[Date "2017.12.03"]
[Round "5.1"]
[White "Miciak, Emanuel"]
[Black "Vogl, Zdenek"]
[Result "1-0"]
[WhiteElo "1885"]
[BlackElo "1932"]
[PlyCount "55"]
[EventDate "2017.??.??"]

1. d4 e6 2. c4 Nf6 3. Nf3 b6 4. e3 Bb7 5. Bd3 Bb4+ 6. Bd2 Be7 7. Nc3 O-O 8. O-O
d5 9. cxd5 Nxd5 10. Nxd5 Qxd5 11. Qc2 Qd8 12. Bxh7+ Kh8 13. Be4 Bxe4 14. Qxe4
Nd7 15. Rac1 c5 16. Bc3 Bf6 17. Rfd1 Qe7 18. Qg4 g6 19. h4 Kg7 20. h5 Rh8 21.
hxg6 fxg6 22. dxc5 Bxc3 23. Rxc3 Nxc5 24. b4 Qf6 25. Rcc1 Na6 26. Rd7+ Kg8 27.
Qc4 Rd8 28. Rxd8+ 1-0

[Event "SR 3. liga A2 2017/2018"]
[Site "?"]
[Date "2017.12.03"]
[Round "5.1"]
[White "Hrubsa, Marian"]
[Black "Kincel, Jan"]
[Result "1-0"]
[WhiteElo "1940"]
[BlackElo "1955"]
[PlyCount "37"]
[EventDate "2017.??.??"]

1. e4 c6 2. d4 d5 3. Nc3 dxe4 4. Nxe4 Nf6 5. Ng3 h5 6. Bc4 h4 7. N3e2 Bf5 8.
Nf3 h3 9. Ne5 e6 10. g3 Nbd7 11. Bf4 Nb6 12. Bb3 Nfd5 13. g4 Nxf4 14. Nxf4 Be4
15. Rg1 Qf6 16. Nh5 Qe7 17. Qe2 Bh7 18. O-O-O O-O-O 19. Nxf7 1-0

[Event "SR 3. liga A2 2017/2018"]
[Site "?"]
[Date "2017.12.03"]
[Round "5.1"]
[White "Podjavorinsky, Peter"]
[Black "Harastova, Viera"]
[Result "0-1"]
[WhiteElo "1674"]
[BlackElo "1826"]
[PlyCount "58"]
[EventDate "2017.??.??"]

1. e4 e5 2. Nf3 Nc6 3. d4 exd4 4. Bc4 Bc5 5. c3 Qf6 6. O-O d6 7. Bb5 dxc3 8.
Bg5 Qg6 9. Nxc3 f6 10. Bf4 Bd7 11. Qa4 Nge7 12. Rad1 O-O 13. Nd5 Bh3 14. Bg3
Bg4 15. Bxc6 Nxc6 16. Nxc7 Rac8 17. Nd5 Kh8 18. Qb5 f5 19. Nf4 Qf7 20. Ng5 Qe7
21. Nfe6 Bxd1 22. Rxd1 Rf6 23. Nxc5 dxc5 24. Qe2 h6 25. Qh5 Kg8 26. e5 Nxe5 27.
Bxe5 Qxe5 28. Nf3 Qxb2 29. Re1 Qxa2 0-1

[Event "SR 3. liga A2 2017/2018"]
[Site "?"]
[Date "2017.12.03"]
[Round "5.1"]
[White "Planka, Peter"]
[Black "Lanyi, Frantisek"]
[Result "1-0"]
[WhiteElo "1782"]
[BlackElo "1683"]
[PlyCount "67"]
[EventDate "2017.??.??"]

1. e4 e5 2. Nf3 Nc6 3. Bb5 a6 4. Ba4 b5 5. Bb3 h6 6. O-O Bc5 7. c3 d6 8. h3 Nf6
9. d4 exd4 10. cxd4 Bb6 11. Re1 O-O 12. Nc3 Na5 13. Bc2 c5 14. dxc5 dxc5 15.
Bf4 Bb7 16. Bd6 Re8 17. e5 Nh7 18. Qd3 g6 19. e6 f5 20. e7 Qc8 21. Ne5 Kg7 22.
Qg3 g5 23. Rad1 c4 24. Nd5 Bxd5 25. Rxd5 Nf6 26. Rdd1 f4 27. Qc3 Nc6 28. Ng4
Bd4 29. Rxd4 Nxg4 30. Rxf4+ Nge5 31. Bxe5+ Nxe5 32. Qxe5+ Kg8 33. Qd5+ Kh8 34.
Rf7 1-0

[Event "SR 3. liga A2 2017/2018"]
[Site "?"]
[Date "2017.12.03"]
[Round "5.2"]
[White "Bango, Lukas"]
[Black "Sebesta, Radovan"]
[Result "1-0"]
[WhiteElo "2116"]
[BlackElo "2002"]
[PlyCount "79"]
[EventDate "2017.??.??"]

1. d4 Nf6 2. c4 e6 3. Nf3 d5 4. Nc3 Be7 5. Bg5 h6 6. Bxf6 Bxf6 7. e4 dxe4 8.
Nxe4 Be7 9. Qd2 O-O 10. O-O-O Nd7 11. Bd3 b6 12. Bc2 Bb7 13. Qd3 g6 14. h4 h5
15. Rdg1 Nf6 16. Neg5 Qe8 17. Re1 Rd8 18. Rh3 Ng4 19. Qe2 Bf6 20. Rg3 Bxd4 21.
Nxd4 Rxd4 22. f3 Nh6 23. Nxe6 Qxe6 24. Qxe6 fxe6 25. Rxg6+ Kf7 26. Rxh6 Rxc4
27. Rxh5 Bd5 28. b3 Rc5 29. Kb2 Rg8 30. g4 a5 31. Be4 Rd8 32. Rd1 c6 33. Bxd5
cxd5 34. Rh7+ Kf6 35. g5+ Ke5 36. Re1+ Kf4 37. Rf7+ Kg3 38. g6 d4 39. g7 Rg8
40. Rf8 1-0

[Event "SR 3. liga A2 2017/2018"]
[Site "?"]
[Date "2017.12.03"]
[Round "5.2"]
[White "Palka, Miroslav"]
[Black "Kozinka, Roman"]
[Result "1/2-1/2"]
[WhiteElo "1923"]
[BlackElo "2005"]
[PlyCount "38"]
[EventDate "2017.??.??"]

1. c4 e5 2. Nc3 f5 3. g3 Nf6 4. Bg2 Nc6 5. d3 Be7 6. e3 O-O 7. Nge2 d6 8. Nd5
Be6 9. Nec3 Qd7 10. O-O Rae8 11. Nxe7+ Nxe7 12. b3 c6 13. d4 e4 14. Ba3 Bf7 15.
f4 exf3 16. Bxf3 Qe6 17. Qd2 Bh5 18. Bg2 d5 19. cxd5 Nfxd5 1/2-1/2

[Event "SR 3. liga A2 2017/2018"]
[Site "?"]
[Date "2017.12.03"]
[Round "5.2"]
[White "Capanda, Jan"]
[Black "Skapikova, Lubica"]
[Result "1/2-1/2"]
[WhiteElo "1880"]
[BlackElo "1888"]
[PlyCount "35"]
[EventDate "2017.??.??"]

1. e4 e5 2. Nf3 Nc6 3. Bc4 Bc5 4. Nc3 Nf6 5. h3 d6 6. a3 O-O 7. Ba2 Be6 8. d3
Bxa2 9. Rxa2 h6 10. Na4 Nd7 11. Nxc5 Nxc5 12. b4 Ne6 13. O-O Qe7 14. c3 Qf6 15.
Nh2 Nf4 16. Kh1 Ne7 17. f3 Neg6 18. Rc2 1/2-1/2

[Event "SR 3. liga A2 2017/2018"]
[Site "?"]
[Date "2017.12.03"]
[Round "5.2"]
[White "Kir, Kvetoslav"]
[Black "Lopatievov, Alexander"]
[Result "1/2-1/2"]
[WhiteElo "1773"]
[BlackElo "1863"]
[PlyCount "45"]
[EventDate "2017.??.??"]

1. d4 d5 2. c4 c6 3. Nc3 Nf6 4. e3 e6 5. Bd3 Be7 6. Nf3 O-O 7. O-O Nbd7 8. Qc2
a6 9. b3 h6 10. e4 dxe4 11. Nxe4 Nxe4 12. Bxe4 Nf6 13. Bd3 Bd6 14. Bb2 b6 15.
Rad1 Qc7 16. Ne5 c5 17. Rfe1 Bb7 18. f3 Rad8 19. Kh1 Nd7 20. Nxd7 Rxd7 21. dxc5
Qxc5 22. Be4 Bxe4 23. fxe4 1/2-1/2

[Event "SR 3. liga A2 2017/2018"]
[Site "?"]
[Date "2017.12.03"]
[Round "5.2"]
[White "Slaba, Andrea"]
[Black "Tokos, Rastislav"]
[Result "1-0"]
[WhiteElo "1948"]
[BlackElo "1804"]
[PlyCount "85"]
[EventDate "2017.??.??"]

1. d4 Nf6 2. Nf3 d6 3. g3 Bg4 4. Bg2 Qc8 5. h3 Bd7 6. c4 e6 7. O-O Be7 8. Nc3
Nc6 9. Kh2 d5 10. Ne5 Nd8 11. cxd5 exd5 12. Nxd7 Qxd7 13. e4 dxe4 14. Nxe4 Nxe4
15. Bxe4 c6 16. d5 c5 17. Qc2 g6 18. Bh6 f5 19. Bg2 Nf7 20. Bg7 Rg8 21. Bc3 Nd6
22. Rfe1 Kf7 23. Re6 Nb5 24. Rae1 Rge8 25. a4 Bg5 26. axb5 f4 27. Rxe8 Rxe8 28.
Rxe8 fxg3+ 29. fxg3 Kxe8 30. Qe4+ Kd8 31. Qe6 Qxe6 32. dxe6 a6 33. bxa6 bxa6
34. h4 Be7 35. Bb7 Kc7 36. Bxa6 h6 37. Bg7 g5 38. hxg5 hxg5 39. Kh3 Kc6 40. Kg4
Kd5 41. Bc8 Ke4 42. Bb7+ Kd3 43. Kf5 1-0

[Event "SR 3. liga A2 2017/2018"]
[Site "?"]
[Date "2017.12.03"]
[Round "5.2"]
[White "Bendzela, Tibor"]
[Black "Bango, Dominik"]
[Result "0-1"]
[WhiteElo "1703"]
[BlackElo "1770"]
[PlyCount "78"]
[EventDate "2017.??.??"]

1. e4 e5 2. d4 exd4 3. Qxd4 Nc6 4. Qe3 d6 5. Nc3 Nf6 6. Bd2 Be7 7. O-O-O O-O 8.
f3 Re8 9. g4 h6 10. h4 Nh7 11. Qf2 Ne5 12. Qg3 Ng6 13. h5 Ne5 14. Be2 f6 15. f4
Nf7 16. Nf3 c6 17. Nh4 Qc7 18. Rdg1 b5 19. Bf3 Rb8 20. Nf5 Kh8 21. Nxe7 Qxe7
22. e5 dxe5 23. Bxc6 Bd7 24. Bg2 Qd6 25. Rd1 Qc7 26. Nd5 Qc8 27. Bb4 Bxg4 28.
Bh3 Bxh3 29. Rxh3 exf4 30. Nxf4 Nhg5 31. Ng6+ Kh7 32. Rhh1 Qc4 33. a3 Qa2 34.
c3 Re2 35. Nf8+ Kg8 36. Rd2 Rxd2 37. Kxd2 Ne4+ 38. Kc2 Nxg3 39. Nd7 Nxh1 0-1

[Event "SR 3. liga A2 2017/2018"]
[Site "?"]
[Date "2017.12.03"]
[Round "5.2"]
[White "Vagovic, Milan"]
[Black "Dest, Stanislav"]
[Result "1/2-1/2"]
[WhiteElo "1650"]
[BlackElo "1485"]
[PlyCount "55"]
[EventDate "2017.??.??"]

1. d4 d5 2. c4 e6 3. Nc3 Nf6 4. Nf3 Be7 5. cxd5 exd5 6. e3 c6 7. Bd3 Bg4 8. O-O
O-O 9. h3 Bh5 10. Be2 Nbd7 11. a3 a6 12. b4 Rc8 13. Bb2 Re8 14. Rc1 h6 15. Qc2
Bg6 16. Bd3 Bxd3 17. Qxd3 Bd6 18. Rc2 Ne4 19. Rfc1 Ndf6 20. Ne2 Nh7 21. Nc3 Rc7
22. Na4 Rce7 23. Nc3 f5 24. Nh4 Rf7 25. Nf3 Nhg5 26. Qe2 Nxf3+ 27. Qxf3 Qg5 28.
Re2 1/2-1/2

[Event "SR 3. liga A2 2017/2018"]
[Site "?"]
[Date "2017.12.03"]
[Round "5.3"]
[White "Sefcik, Marek"]
[Black "Takacs, Laszlo"]
[Result "1/2-1/2"]
[WhiteElo "1996"]
[BlackElo "2257"]
[PlyCount "115"]
[EventDate "2017.??.??"]

1. d4 Nf6 2. Bg5 Ne4 3. Bf4 d5 4. f3 Nd6 5. Nd2 Nd7 6. e4 e6 7. c3 Be7 8. Bd3
dxe4 9. fxe4 Bg5 10. Qg4 Bxf4 11. Qxf4 Qf6 12. Qxf6 gxf6 13. Ngf3 b6 14. O-O-O
Bb7 15. Rhf1 O-O-O 16. g3 h6 17. Rde1 Ne8 18. b4 Kb8 19. Kc2 Rg8 20. Rf2 Rg4
21. b5 c5 22. bxc6 Bxc6 23. Nc4 Rc8 24. Kb3 h5 25. Kb4 a5+ 26. Kb3 a4+ 27. Kb4
Ka7 28. Ne3 Rxe4 29. Bxe4 Bxe4 30. c4 Nd6 31. Nd2 Bd3 32. Rc1 b5 33. c5 f5 34.
Rc3 Ne4 35. Nxe4 Bxe4 36. d5 Ka6 37. Rd2 Ne5 38. c6 exd5 39. c7 d4 40. Rxd4
Nc6+ 41. Rxc6+ Bxc6 42. Nxf5 Rxc7 43. Rd6 Kb7 44. Nd4 Be8 45. Nxb5 Rc2 46. Nc3
Rxh2 47. Rd8 Bc6 48. Rf8 Rf2 49. Rh8 Rg2 50. Rxh5 Rxg3 51. Rf5 Rf3 52. Rxf3
Bxf3 53. Kxa4 Kc6 54. Kb4 Kd6 55. Kc4 Ke5 56. Kd3 Kf4 57. Ne2+ Kg4 58. Nd4
1/2-1/2

[Event "SR 3. liga A2 2017/2018"]
[Site "?"]
[Date "2017.12.03"]
[Round "5.3"]
[White "Cibulka, Vladimir"]
[Black "Jakubec, Milan"]
[Result "1/2-1/2"]
[WhiteElo "2153"]
[BlackElo "2021"]
[PlyCount "97"]
[EventDate "2017.??.??"]

1. d4 d5 2. Nf3 Nf6 3. Bg5 e6 4. e3 Nbd7 5. Nbd2 Bd6 6. Bd3 h6 7. Bh4 c6 8. O-O
O-O 9. Re1 Qc7 10. e4 dxe4 11. Nxe4 Nxe4 12. Bxe4 f5 13. Bd3 g5 14. Bxg5 hxg5
15. Nxg5 Bxh2+ 16. Kh1 Nf6 17. g3 Ng4 18. Qf3 Qd6 19. Kg2 Rf6 20. Ne4 Qxd4 21.
Nxf6+ Qxf6 22. Re4 Qg7 23. Rxg4 fxg4 24. Qe4 e5 25. Bc4+ Kf8 26. Kxh2 Qf6 27.
Kg2 Bf5 28. Qe3 Bxc2 29. Rh1 Kg7 30. Rh5 Qf3+ 31. Qxf3 gxf3+ 32. Kxf3 Re8 33.
Ke3 Bg6 34. Rh1 Rd8 35. Rc1 c5 36. Be2 b6 37. Rc3 Rd4 38. a3 Kf6 39. f3 Bf7 40.
Bd3 c4 41. Be2 b5 42. Rc1 a5 43. Rd1 Rxd1 44. Bxd1 b4 45. axb4 axb4 46. Kd2 Ke7
47. Bc2 Kd6 48. f4 exf4 49. gxf4 1/2-1/2

[Event "SR 3. liga A2 2017/2018"]
[Site "?"]
[Date "2017.12.03"]
[Round "5.3"]
[White "Hirmajer, Jan"]
[Black "Blaho, Stefan"]
[Result "1/2-1/2"]
[WhiteElo "1925"]
[BlackElo "2029"]
[PlyCount "172"]
[EventDate "2017.??.??"]

1. c4 Nf6 2. Nc3 e6 3. Nf3 d5 4. cxd5 exd5 5. d4 Bb4 6. Qa4+ Nc6 7. Ne5 Bd7 8.
Nxc6 Bxc3+ 9. bxc3 Bxc6 10. Qa3 Ne4 11. e3 Qf6 12. Qb2 Qg5 13. Qa3 Qf6 14. Qb2
Qg5 15. g3 Qf5 16. Bg2 a6 17. Qc2 Nxg3 18. Qxf5 Nxf5 19. Ba3 Kd7 20. Bh3 Ke6
21. Rg1 g6 22. Kd2 Kf6 23. Bg2 b5 24. f3 Rhe8 25. Rae1 Nh4 26. Bh1 h5 27. e4 a5
28. Bc1 Kg7 29. Kc2 f6 30. Bf4 g5 31. e5 Kf7 32. Bg3 Nf5 33. exf6 Nxg3 34. hxg3
Kxf6 35. Kd2 Rxe1 36. Rxe1 Re8 37. Rf1 Kf5 38. f4 g4 39. Bg2 Bb7 40. Rh1 Kg6
41. Bf1 c6 42. Bd3+ Kh6 43. a3 Bc8 44. Rh2 Bd7 45. Rh1 Re7 46. Rh2 Be8 47. Bf5
Kg7 48. Bd3 Bg6 49. Rh1 Bxd3 50. Kxd3 Kg6 51. Kd2 b4 52. cxb4 axb4 53. axb4 Ra7
54. Rc1 Ra6 55. Ke2 h4 56. gxh4 Kh5 57. Kf2 Ra2+ 58. Kg3 Ra3+ 59. Kg2 Rd3 60.
Rxc6 Rxd4 61. Rd6 Rxb4 62. Kg3 Rb3+ 63. Kg2 Rb2+ 64. Kg3 Rb3+ 65. Kg2 Rd3 66.
Rd8 d4 67. Rh8+ Kg6 68. h5+ Kf5 69. Rf8+ Ke4 70. h6 Rh3 71. h7 Rxh7 72. Kg3 Rd7
73. Re8+ Kd5 74. Kxg4 d3 75. Re1 d2 76. Rd1 Ke4 77. Kg5 Rg7+ 78. Kf6 Rg2 79. f5
Rf2 80. Ke6 Re2 81. Rxd2 Rxd2 82. f6 Ra2 83. f7 Ra8 84. Kf6 Kd5 85. Kg7 Ra7 86.
Kg8 Rxf7 1/2-1/2

[Event "SR 3. liga A2 2017/2018"]
[Site "?"]
[Date "2017.12.03"]
[Round "5.3"]
[White "Rachela, Jozef"]
[Black "Horak, Ivan"]
[Result "1/2-1/2"]
[WhiteElo "2016"]
[BlackElo "2018"]
[PlyCount "73"]
[EventDate "2017.??.??"]

1. d4 Nf6 2. Nf3 d5 3. g3 g6 4. Bg2 Bg7 5. O-O O-O 6. b3 Bg4 7. Bb2 Qc8 8. Re1
Bh3 9. Bh1 h5 10. Nbd2 Nbd7 11. Ng5 Bf5 12. c4 e6 13. e4 dxe4 14. Ndxe4 Nxe4
15. Nxe4 Nf6 16. Nc5 Rb8 17. Qe2 b6 18. Nd3 Bxd3 19. Qxd3 Rd8 20. Qe2 c5 21.
Rad1 cxd4 22. Bxd4 Ne8 23. Be3 Rxd1 24. Rxd1 Qc7 25. Qd3 Bf6 26. Bf4 e5 27. Be3
Rd8 28. Qc2 Rxd1+ 29. Qxd1 Be7 30. Qd3 Qd6 31. Qxd6 Bxd6 32. Kf1 f5 33. Bd5+
Kf8 34. Bg5 Nc7 35. Bh6+ Ke7 36. Bg5+ Kf8 37. Bh6+ 1/2-1/2

[Event "SR 3. liga A2 2017/2018"]
[Site "?"]
[Date "2017.12.03"]
[Round "5.3"]
[White "Chabada, Tomas"]
[Black "Bugar, Peter"]
[Result "1-0"]
[WhiteElo "1966"]
[BlackElo "1858"]
[PlyCount "95"]
[EventDate "2017.??.??"]

1. e4 e6 2. d3 c5 3. g3 Nc6 4. Bg2 g6 5. Nf3 Nge7 6. O-O Bg7 7. c3 e5 8. Be3 d6
9. Qd2 O-O 10. Bh6 f5 11. Bxg7 Kxg7 12. Na3 f4 13. d4 cxd4 14. cxd4 Bg4 15. Nc2
Qb6 16. gxf4 Bxf3 17. Bxf3 Rxf4 18. Bg2 Nxd4 19. Nxd4 Qxd4 20. Qxd4 exd4 21. b4
Nc6 22. Rfd1 a6 23. Rab1 Raf8 24. a4 Rxf2 25. b5 Ne5 26. bxa6 bxa6 27. Rxd4 Ra2
28. Rf1 Rd8 29. Rfd1 Kf7 30. Rb1 Rd7 31. Rb6 Rc7 32. Rbxd6 Ng4 33. Bh3 Nxh2 34.
Be6+ Ke7 35. Bxa2 Nf3+ 36. Kf1 Nxd4 37. Rxd4 Rc2 38. Bc4 a5 39. e5 h5 40. e6
Kf6 41. Rf4+ Ke5 42. e7 Kxf4 43. e8=Q Rxc4 44. Qf7+ Kg3 45. Qxc4 g5 46. Qd3+
Kh4 47. Kg2 g4 48. Qd8# 1-0

[Event "SR 3. liga A2 2017/2018"]
[Site "?"]
[Date "2017.12.03"]
[Round "5.3"]
[White "Viczencz, Peter"]
[Black "Zlamal, Marek"]
[Result "1-0"]
[WhiteElo "1764"]
[BlackElo "1822"]
[PlyCount "59"]
[EventDate "2017.??.??"]

1. e4 e5 2. Nf3 Nc6 3. d4 exd4 4. Bc4 Be7 5. Nxd4 Nf6 6. Nc3 Ne5 7. Bb3 a6 8.
O-O c5 9. Nf5 O-O 10. Nd5 Nxd5 11. Bxd5 Rb8 12. b3 Bf6 13. Bb2 g6 14. f4 Nc6
15. e5 Bg7 16. Nd6 Ne7 17. Be4 f6 18. Bd5+ Kh8 19. Nf7+ Rxf7 20. Bxf7 f5 21.
Qd6 Nc6 22. Rad1 b5 23. Qxc6 Bb7 24. Qxd7 Qf8 25. Rfe1 c4 26. bxc4 Qc5+ 27. Bd4
Qb4 28. e6 Qf8 29. e7 Qxf7 30. e8=R+ 1-0

[Event "SR 3. liga A2 2017/2018"]
[Site "?"]
[Date "2017.12.03"]
[Round "5.3"]
[White "Husek, Lubomir"]
[Black "Mezes, Kristof"]
[Result "1-0"]
[WhiteElo "1839"]
[BlackElo "1513"]
[PlyCount "75"]
[EventDate "2017.??.??"]

1. e4 e6 2. d4 d5 3. e5 c5 4. c3 Nc6 5. Nf3 Qb6 6. a3 cxd4 7. cxd4 Nge7 8. Nc3
Nf5 9. Na4 Qc7 10. Bf4 a6 11. Rc1 Bd7 12. Be2 Be7 13. O-O O-O 14. b4 Qd8 15.
Nc5 b6 16. Nxd7 Qxd7 17. Qd2 Bd8 18. b5 Nb8 19. Qb2 a5 20. a4 Ra7 21. Rc2 Rc7
22. Rfc1 Rxc2 23. Rxc2 Ne7 24. Qc1 Kh8 25. Bd3 Kg8 26. Rc3 Kh8 27. Bb1 Kg8 28.
Qc2 Ng6 29. Bg3 Be7 30. h4 Re8 31. h5 Nf8 32. Bf4 g6 33. Bh6 Kh8 34. Ng5 Kg8
35. f4 f5 36. Bxf8 Rxf8 37. Rc7 Qd8 38. Nxe6 1-0